Really Easy Geography Questions - Statistics

General Stats
  • This quiz has been taken 735 times
    725 since last reset
  • The average score is 16 of 21
Answer Stats
Question Answer % Correct
What is the capital of France? Paris
98%
In what city would you find the Big Ben? London
94%
England, Scotland, Northern Ireland, and Wales, are more commonly known as what? United Kingdom
89%
What country is shaped like a boot? Italy
88%
The Sahara desert is the biggest desert on which continent? Africa
85%
On what continent would you most likely glimpse a penguin? Antarctica
85%
In what country would you most likely find some endangered Panda Bears? China
84%
What is the name for the region/continent that contains countries such as Fiji, Tuvalu, and New Zealand? Oceania
82%
What major leader runs Vatican City? Pope
79%
What capital city that was divided with a wall until 1989? Berlin
76%
Reykjavik is the capital of which country? Iceland
73%
What is commonly referred to as "India's Teardrop"? Sri Lanka
71%
Yucatan and Baja California are peninsulas in what country? Mexico
70%
What is the micro nation between France and Spain? Andorra
69%
On what island would you most likely run into some lemurs, indigenous to only that island? Madagascar
68%
What country borders the Dominican Republic? Haiti
67%
What is the capital of Israel? Jerusalem
66%
England, Wales, and Scotland make up what island? Great Britain
63%
What is the US state entirely on an archipelago? Hawaii
63%
What mountain range is home to the highest mountain in the world, Mt. Everest? Himalayas
62%
What is the current name of the former city of Constantinople? Istanbul
60%
No matching quizzes found
Score Distribution
Percent of People with Each Score
Percentile by Number Answered
Your Score History
You have not taken this quiz since the last reset